<?xml version="1.0" encoding="UTF-8"?>
<record
    xmlns:xsi="http://www.w3.org/2001/XMLSchema-instance"
    xsi:schemaLocation="http://www.loc.gov/MARC21/slim http://www.loc.gov/standards/marcxml/schema/MARC21slim.xsd"
    xmlns="http://www.loc.gov/MARC21/slim">

  <leader>00891nam a22001577a 4500</leader>
  <controlfield tag="003">OSt</controlfield>
  <controlfield tag="005">20160831163745.0</controlfield>
  <controlfield tag="008">160831b        xxu||||| |||| 00| 0 eng d</controlfield>
  <datafield tag="040" ind1=" " ind2=" ">
    <subfield code="c">RUA</subfield>
  </datafield>
  <datafield tag="082" ind1=" " ind2=" ">
    <subfield code="a">AGE YOU 2015 B515 Or.</subfield>
  </datafield>
  <datafield tag="100" ind1=" " ind2=" ">
    <subfield code="9">9746</subfield>
    <subfield code="a">YOUNG SOVANNARY; &#x1799;&#x17C9;&#x17BC;&#x1784; &#x179F;&#x17BB;&#x179C;&#x178E;&#x17D2;&#x178E;&#x17B6;&#x179A;&#x17B8;</subfield>
  </datafield>
  <datafield tag="245" ind1=" " ind2=" ">
    <subfield code="a">Effects of blanching period and drying methods on piper nigrum quality in kampot pepper promotion association, kampongtrach district, kampot province; &#x17A5;&#x1791;&#x17D2;&#x1792;&#x17B7;&#x1796;&#x179B;&#x1793;&#x17C3;&#x179A;&#x1799;&#x17C8;&#x1796;&#x17C1;&#x179B;&#x179F;&#x17D2;&#x179A;&#x17BB;&#x179F; &#x1793;&#x17B7;&#x1784;&#x179C;&#x17B7;&#x1792;&#x17B8;&#x179F;&#x17B6;&#x179F;&#x17D2;&#x178F;&#x17D2;&#x179A;&#x179F;&#x1798;&#x17D2;&#x1784;&#x17BD;&#x178F;&#x1791;&#x17C5;&#x179B;&#x17BE;&#x1782;&#x17BB;&#x178E;&#x1797;&#x17B6;&#x1796;&#x1798;&#x17D2;&#x179A;&#x17C1;&#x1785;&#x1781;&#x17D2;&#x1798;&#x17C5;&#x1793;&#x17C5;&#x179F;&#x1798;&#x17B6;&#x1782;&#x1798;&#x179B;&#x17BE;&#x1780;&#x1780;&#x1798;&#x17D2;&#x1796;&#x179F;&#x17CB;&#x1798;&#x17D2;&#x179A;&#x17C1;&#x1785;&#x1780;&#x17C6;&#x1796;&#x178F; &#x1793;&#x17C5;&#x179F;&#x17D2;&#x179A;&#x17BB;&#x1780;&#x1780;&#x17C6;&#x1796;&#x1784;&#x17CB;&#x178F;&#x17D2;&#x179A;&#x17B6;&#x1785; &#x1781;&#x17C1;&#x178F;&#x17D2;&#x178F;&#x1780;&#x17C6;&#x1796;&#x178F;</subfield>
  </datafield>
  <datafield tag="260" ind1=" " ind2=" ">
    <subfield code="a">RUA</subfield>
    <subfield code="b">Phnom Penh</subfield>
    <subfield code="c">2015</subfield>
  </datafield>
  <datafield tag="300" ind1=" " ind2=" ">
    <subfield code="a">ix; 48p.</subfield>
    <subfield code="b">ill.</subfield>
    <subfield code="c">29cm.</subfield>
  </datafield>
  <datafield tag="942" ind1=" " ind2=" ">
    <subfield code="2">ddc</subfield>
    <subfield code="c">AGE</subfield>
  </datafield>
  <datafield tag="999" ind1=" " ind2=" ">
    <subfield code="c">9387</subfield>
    <subfield code="d">9387</subfield>
  </datafield>
</record>
